Skrytý potenciál reverzní logistiky
Obsahové vymedzenie pojmu reverzná logistika. Príčiny vzniku, význam a špecifiká reverznej logistiky. Osobitná úloha informačného systému v riadení spätného toku výrobkov. Spôsoby uplatnenia v praxi a podpora odborníkov a EÚ.
Gespeichert in:
| 1. Verfasser: | |
|---|---|
| Format: | Buchkapitel |
| Sprache: | Tschechisch |
| Schlagworte: | |
| Tags: |
Keine Tags, Fügen Sie das erste Tag hinzu!
|
MARC
| LEADER | 00000naa a2200000 4500 | ||
|---|---|---|---|
| 001 | r044576 | ||
| 005 | 20231003123523.6 | ||
| 041 | 0 | |a cze | |
| 044 | |a CZ | ||
| 245 | 1 | 0 | |a Skrytý potenciál reverzní logistiky |c Radoslav Škapa |
| 520 | |a Obsahové vymedzenie pojmu reverzná logistika. Príčiny vzniku, význam a špecifiká reverznej logistiky. Osobitná úloha informačného systému v riadení spätného toku výrobkov. Spôsoby uplatnenia v praxi a podpora odborníkov a EÚ. | ||
| 610 | 2 | 0 | |a logistika |
| 610 | 2 | 0 | |a tok výroby |
| 610 | 2 | 0 | |a prostredie životné |
| 610 | 2 | 0 | |a tok informácií |
| 610 | 2 | 0 | |a systémy informačné |
| 100 | 1 | |a Škapa, Radoslav | |